=LDR 00000nam 2200000 4500 =001 INLIS000000000022457 =005 20130612121219 =008 ***********************************Ind** =035 ##$$0010-061300000022457 =041 ##$$a Ind =082 ##$$a 959.8 =090 ##$$a 959.8, Got j =100 ##$$a Goto, Ken'ichi =245 ##$$a Jepang dan pergerakan kebangsaan Indonesia, Ken'ichi Goto =260 ##$$a 1998 $b Jakarta =300 ##$$a xxxvi, 496 hlm, 21 cm =650 ##$$a Sejarah Indonesia =850 ##$$a NBPNMAT =990 ##$$a 0001/BPAP-NTB/20142015 =990 ##$$a 08700870 =990 ##$$a 01201900870 =990 ##$$a 0001/BPAP-NTB/20142015